Palestine betrayed / (Record no. 14207)
[ view plain ]
| 000 -LEADER | |
|---|---|
| fixed length control field | 01262cam a2200265 a 4500 |
| 001 - CONTROL NUMBER | |
| control field | 15922229 |
| 005 - DATE AND TIME OF LATEST TRANSACTION | |
| control field | 20170105102849.0 |
| 008 - FIXED-LENGTH DATA ELEMENTS--GENERAL INFORMATION | |
| fixed length control field | 090925s2010 ctuabf b 001 0 eng |
| 010 ## - LIBRARY OF CONGRESS CONTROL NUMBER | |
| LC control number | 2009040202 |
| 020 ## - INTERNATIONAL STANDARD BOOK NUMBER | |
| International Standard Book Number | 9780300127270 (cloth : alk. paper) |
| 040 ## - CATALOGING SOURCE | |
| Original cataloging agency | DLC |
| Transcribing agency | DLC |
| Modifying agency | DLC |
| 043 ## - GEOGRAPHIC AREA CODE | |
| Geographic area code | a-is--- |
| 050 00 - LIBRARY OF CONGRESS CALL NUMBER | |
| Classification number | DS126.4 |
| Item number | .K245 2010 |
| 082 00 - DEWEY DECIMAL CLASSIFICATION NUMBER | |
| Classification number | 956.9404 |
| Edition number | 22 |
| 100 1# - MAIN ENTRY--PERSONAL NAME | |
| Personal name | Karsh, Efraim. |
| 245 10 - TITLE STATEMENT | |
| Title | Palestine betrayed / |
| Statement of responsibility, etc. | Efraim Karsh. |
| 260 ## - PUBLICATION, DISTRIBUTION, ETC. | |
| Place of publication, distribution, etc. | New Haven : |
| Name of publisher, distributor, etc. | Yale University Press, |
| Date of publication, distribution, etc. | c2010. |
| 300 ## - PHYSICAL DESCRIPTION | |
| Extent | ix, 342 p., [16] p. of plates : |
| Other physical details | ill., map ; |
| Dimensions | 24 cm. |
| 504 ## - BIBLIOGRAPHY, ETC. NOTE | |
| Bibliography, etc. note | Includes bibliographical references(p. [274]-334) and index. |
| 505 0# - FORMATTED CONTENTS NOTE | |
| Formatted contents note | Jews and Arabs in the Holy Land -- Pan-Arab ambitions -- "The most important Arab quisling" -- The road to partition -- Kingdoms are established over dead bodies and skulls -- Fleeing Haifa -- Why don't you stay and fight? -- Jerusalem embattled -- All fall down -- The scramble for Palestine -- Shattered dreams -- A self-inflicted catastrophe -- Epilogue. |
| 651 #0 - SUBJECT ADDED ENTRY--GEOGRAPHIC NAME | |
| Geographic name | Palestine |
| General subdivision | History |
| Chronological subdivision | Partition, 1947. |
| 906 ## - LOCAL DATA ELEMENT F, LDF (RLIN) | |
| a | 7 |
| b | cbc |
| c | orignew |
| d | 1 |
| e | ecip |
| f | 20 |
| g | y-gencatlg |
| 942 ## - ADDED ENTRY ELEMENTS (KOHA) | |
| Source of classification or shelving scheme | |
| Koha item type | Book |
| Withdrawn status | Lost status | Damaged status | Not for loan | Collection code | Permanent Location | Current Location | Shelving location | Date acquired | Total Checkouts | Full call number | Barcode | Date last seen | Price effective from | Koha item type |
|---|---|---|---|---|---|---|---|---|---|---|---|---|---|---|
| Centre for International Peace & Stability (CIPS) | Centre for International Peace & Stability (CIPS) | General Stacks | 08/20/2013 | 956.9404 KAR 2010 | CIPS0000701 | 08/20/2013 | 08/20/2013 | Book |
